<?xml version="1.0" encoding="UTF-8"?><?xml-stylesheet type="text/xsl" href="static/style.xsl"?><OAI-PMH xmlns="http://www.openarchives.org/OAI/2.0/" xmlns:xsi="http://www.w3.org/2001/XMLSchema-instance" xsi:schemaLocation="http://www.openarchives.org/OAI/2.0/ http://www.openarchives.org/OAI/2.0/OAI-PMH.xsd"><responseDate>2026-04-13T07:05:44Z</responseDate><request verb="GetRecord" identifier="oai:www.recercat.cat:2117/441854" metadataPrefix="marc">https://recercat.cat/oai/request</request><GetRecord><record><header><identifier>oai:recercat.cat:2117/441854</identifier><datestamp>2026-01-21T12:34:38Z</datestamp><setSpec>com_2072_1033</setSpec><setSpec>col_2072_452950</setSpec></header><metadata><record xmlns="http://www.loc.gov/MARC21/slim" xmlns:dcterms="http://purl.org/dc/terms/" xmlns:xsi="http://www.w3.org/2001/XMLSchema-instance" xmlns:doc="http://www.lyncode.com/xoai" xsi:schemaLocation="http://www.loc.gov/MARC21/slim http://www.loc.gov/standards/marcxml/schema/MARC21slim.xsd">
   <leader>00925njm 22002777a 4500</leader>
   <datafield ind2=" " ind1=" " tag="042">
      <subfield code="a">dc</subfield>
   </datafield>
   <datafield ind2=" " ind1=" " tag="720">
      <subfield code="a">Castillo de Leon de Romero, Rosnery Nayarith</subfield>
      <subfield code="e">author</subfield>
   </datafield>
   <datafield ind2=" " ind1=" " tag="720">
      <subfield code="a">Alva, Aleix</subfield>
      <subfield code="e">author</subfield>
   </datafield>
   <datafield ind2=" " ind1=" " tag="720">
      <subfield code="a">París Viviana, Oriol</subfield>
      <subfield code="e">author</subfield>
   </datafield>
   <datafield ind2=" " ind1=" " tag="720">
      <subfield code="a">Bosch González, Montserrat</subfield>
      <subfield code="e">author</subfield>
   </datafield>
   <datafield ind2=" " ind1=" " tag="260">
      <subfield code="c">2025-09-13</subfield>
   </datafield>
   <datafield ind2=" " ind1=" " tag="520">
      <subfield code="a">This systematic bibliometric review, conducted in accordance with the PRISMA methodology, examines the literature on waste rubber tyres (WRTs) and their applications, measuring correlations between several standard metrics and identifying gaps that may stimulate new research. Using a thirty-year database from Scopus, both numerical and graphical results highlight key aspects, including geographic distribution, journal analysis, keywords, and three main research categories: environment, application, and property. Publications have grown exponentially at a rate of 17% per year. Research is concentrated in India and China, with Africa and Central America lagging behind. The United States leads in impact, while publication volume correlates moderately with gross domestic product (GDP), but negatively with international collaboration. Notably, several leading countries in automobile and tyre production have a limited academic presence in WRT research. The most prominent studies focus on material development; however, there remains a lack of practical applications for these materials. Recent trends show growing interest in WRTs within engineering, materials science, and environmental science, with multidisciplinary approaches emerging. A keyword analysis indicates a steady evolution in end-of-life tyres (ELT) research over recent years. In environmental studies, interest in ELT recycling methods has grown, though aspects such as toxicity, life cycle analysis, and leaching remain relatively unexplored. In terms of applications, research is primarily focused on pavements, while areas such as facades, blocks, and roofs remain under-studied. Finally, in material property studies, most research addresses compressive strength, while critical areas such as fire resistance, impact resistance, and thermal testing offer promising avenues for future research.</subfield>
   </datafield>
   <datafield ind2=" " ind1=" " tag="520">
      <subfield code="a">This paper is part of the research group GICITED (Interdisciplinary Group on Building Science and Technology), Universitat Politècnica de Catalunya (UPC)—BarcelonaTech, which has received a quality accreditation (2021 SGR 01405) from the Generalitat de Catalunya, as well as funding from the Instituto para la Formación y Aprovechamiento de Recursos Humanos (IFARHU), Panama. The authors would like to thank the project Waste-based Intelligent Solar-control devices for Envelope Refurbishment (WISER), reference TED2021-130155B-I00, funded by MCIN/AEI/10.13039/501100011033 and the European Union “NextGenerationEU”/PRTR. We are also grateful to Ankita K. and Edin T. for their insightful comments and suggestions. Additionally, we gratefully acknowledge the financial support provided by the Universidad de Panamá through the “Relevo Generacional” scholarship, granted by the Faculty of Architecture and Design, as well as funding from Instituto para la Formación y Aprovechamiento de Recursos Humanos (IFARHU), Panama.</subfield>
   </datafield>
   <datafield ind2=" " ind1=" " tag="520">
      <subfield code="a">Peer Reviewed</subfield>
   </datafield>
   <datafield ind2=" " ind1=" " tag="520">
      <subfield code="a">Postprint (published version)</subfield>
   </datafield>
   <datafield tag="653" ind2=" " ind1=" ">
      <subfield code="a">Waste products as building materials -- Research -- Bibliography</subfield>
   </datafield>
   <datafield tag="653" ind2=" " ind1=" ">
      <subfield code="a">Tires, Rubber -- Recycling -- Industrial applications</subfield>
   </datafield>
   <datafield tag="653" ind2=" " ind1=" ">
      <subfield code="a">Bibliometric analysis</subfield>
   </datafield>
   <datafield tag="653" ind2=" " ind1=" ">
      <subfield code="a">Building materials</subfield>
   </datafield>
   <datafield tag="653" ind2=" " ind1=" ">
      <subfield code="a">Construction materials</subfield>
   </datafield>
   <datafield tag="653" ind2=" " ind1=" ">
      <subfield code="a">Waste rubber tyre (WRT)</subfield>
   </datafield>
   <datafield tag="653" ind2=" " ind1=" ">
      <subfield code="a">End-of-life tire or tyre (ELT)</subfield>
   </datafield>
   <datafield tag="653" ind2=" " ind1=" ">
      <subfield code="a">Crumb rubber tyre (CRT)</subfield>
   </datafield>
   <datafield tag="653" ind2=" " ind1=" ">
      <subfield code="a">Concrete</subfield>
   </datafield>
   <datafield tag="653" ind2=" " ind1=" ">
      <subfield code="a">Residus com a materials de construcción -- Investigació -- Bibliografia</subfield>
   </datafield>
   <datafield tag="653" ind2=" " ind1=" ">
      <subfield code="a">Pneumàtics -- Reciclatge -- Aplicacions industrials</subfield>
   </datafield>
   <datafield ind2="0" ind1="0" tag="245">
      <subfield code="a">A systematic bibliometric review analysis of research on the use of waste rubber tyres in building and construction materials and their applications</subfield>
   </datafield>
</record></metadata></record></GetRecord></OAI-PMH>